<?xml version="1.0" encoding="UTF-8"?>
<collection xmlns="http://www.loc.gov/MARC21/slim">
 <record>
  <leader>00947pam a22002298a 4500</leader>
  <controlfield tag="001">00024811</controlfield>
  <controlfield tag="005">20171026081022.0</controlfield>
  <controlfield tag="008">110724s1978                  ||||||viesd</controlfield>
  <datafield tag="041" ind1="0" ind2="#">
   <subfield code="a">vie</subfield>
  </datafield>
  <datafield tag="082" ind1="1" ind2="4">
   <subfield code="a">335.114</subfield>
   <subfield code="b">TR308H</subfield>
  </datafield>
  <datafield tag="110" ind1="1" ind2="#">
   <subfield code="a">Vụ biên soạn</subfield>
   <subfield code="b">Ban tuyên huấn trung ương</subfield>
  </datafield>
  <datafield tag="245" ind1="0" ind2="0">
   <subfield code="a">Triết học Mác-Lênin</subfield>
   <subfield code="b">Trích tác phẩm kinh điển : chương trình trung cấp</subfield>
  </datafield>
  <datafield tag="260" ind1="#" ind2="#">
   <subfield code="a">H.</subfield>
   <subfield code="b">Sách giáo khoa Mác-Lênin</subfield>
   <subfield code="c">1978</subfield>
  </datafield>
  <datafield tag="300" ind1="#" ind2="#">
   <subfield code="a">467tr.</subfield>
   <subfield code="c">22cm.</subfield>
  </datafield>
  <datafield tag="653" ind1="#" ind2="#">
   <subfield code="a">Triết học Mác-Lênin</subfield>
  </datafield>
  <datafield tag="653" ind1="#" ind2="#">
   <subfield code="a">Tác phẩm kinh điển</subfield>
  </datafield>
  <datafield tag="852" ind1="#" ind2="#">
   <subfield code="b">Kho mượn</subfield>
   <subfield code="j">KGT.0018138</subfield>
  </datafield>
  <datafield tag="852" ind1="#" ind2="#">
   <subfield code="b">Kho đọc</subfield>
   <subfield code="j">KD.0009453</subfield>
  </datafield>
  <datafield tag="852" ind1="#" ind2="#">
   <subfield code="j">KGT.0018138</subfield>
   <subfield code="j">KGT.0018140</subfield>
   <subfield code="j">KD.0009453</subfield>
   <subfield code="j">KGT.0018139</subfield>
   <subfield code="j">KGT.0018141</subfield>
  </datafield>
  <datafield tag="852" ind1="#" ind2="#">
   <subfield code="j">KGT.0018138, KGT.0018139, KGT.0018140, KGT.0018141, KGT.0018142</subfield>
   <subfield code="b">Kho giáo trình</subfield>
  </datafield>
  <datafield tag="910" ind1=" " ind2=" ">
   <subfield code="d">24/07/2011</subfield>
  </datafield>
  <datafield tag="980" ind1="#" ind2="#">
   <subfield code="a">Trung tâm Học liệu Lê Vũ Hùng, Trường Đại học Đồng Tháp</subfield>
  </datafield>
 </record>
</collection>
